[Event "Vereinsjugendmeisterschaft 2024"]
[Site "Steinfurt"]
[Date "2024.06.02"]
[Round "5.13"]
[White "Wiegand, Mats"]
[Black "Venmanns, Joshua"]
[Result "0-1"]
[WhiteElo "750"]
[BlackElo "750"]
[PlyCount "30"]
[Beauty "8246341140486"]
[GameId "2056739960181103"]
[EventDate "2024.??.??"]
[WhiteTeam "SC Steinfurt 1996 e. V."]
[BlackTeam "SC Steinfurt 1996 e. V."]

{[%evp 9,29,-130,-129,-132,172,51,269,-21,56,69,67,-17,125,-46,-49,-167,-132,-230,-150,-244,-117,-29999]} 1. e4 e5 2. Nf3 Nc6 3. Nc3 Nf6 4. Bc4 Bb4 5. Na4 Nxe4 6. O-O $146 {C55: Zweispringerspiel.} ({Vorgänger:} 6. c3 Be7 7. O-O d6 8. d3 Nf6 9. Bg5 Bg4 10. Bd5 Nxd5 11. c4 Nf6 12. b3 Nd4 {0-1 Guillemart,P (1499)-Maurel,G (1750) Corsica-chT Ponte Leccia 2010 (1)}) 6... g5 $2 {[%eval 172,21] [%wdl 929,71,0][%mdl 8192] [#] Schwarz steht aktiver.} (6... Nf6 $17 {[%eval -132,27] [%wdl 0,237,763] Und ...e4 würde nun gewinnen.} 7. d4 exd4) 7. c3 {[%eval 51,25] [%wdl 168,826,6]} (7. d3 $18 {[%eval 172,21] [%wdl 929,71,0]}) 7... Bd6 $2 {[%eval 269,22] [%wdl 997,3,0]} (7... Be7 $14 {[%eval 51,25] [%wdl 168,826,6]}) 8. Ne1 $2 {[%eval -21,26] [%wdl 16,917,67]} ({Nicht} 8. d3 g4 $16) (8. d4 $18 {[%eval 269,22] [%wdl 997,3,0]}) 8... Nc5 {[%eval 56,26] [%wdl 188,808,4]} (8... Be7 $11 {[%eval -21,26] [%wdl 16,917,67]}) 9. Nxc5 $14 Bxc5 10. Bb5 {[%eval -17,27] [%wdl 15,933,52]} (10. d4 $14 {[%eval 67,24] [%wdl 252,746,2]} exd4 11. Qh5) 10... e4 {[%eval 125,27] [%wdl 730,270,0]} (10... a6 $11 {[%eval -17,27] [%wdl 15,933,52] hält das Gleichgewicht.} 11. Ba4 O-O) 11. Bxc6 $2 {[%eval -46,22] [%wdl 5,864,131]} (11. d4 $16 {[%eval 125,27] [%wdl 730,270,0]} Be7 12. d5) 11... dxc6 $15 12. a4 {[%eval -167,28] [%wdl 0,68,932] Weiss ist schwach auf den weissen Feldern} (12. d4 $15 {[%eval -49,23] [%wdl 4,860,136]}) 12... Qf6 13. a5 {[%eval -230,22] [%wdl 0,6,994]} (13. d3 $17 {[%eval -132,26] [%wdl 0,215,785]}) 13... Bd6 14. Nc2 {[%eval -244,25] [%wdl 0,3,997]} (14. d3 $17 {[%eval -150,24] [%wdl 0,116,884] kämpft weiter.}) 14... Qf4 {[%eval -117,27] [%wdl 0,317,683]} (14... Qh6 $19 {[%eval -244,25] [%wdl 0,3,997][%csl Gd6][%cal Rh6h2] bietet bessere Gewinnchancen.} 15. g3 Qh3) 15. Nb4 $2 {[%eval -32765,23] [%wdl 0,0,1000][%mdl 8192] [#]} (15. g3 $17 {[%eval -117,27] [%wdl 0,317,683]} Qf5 16. f3) 15... Qxh2# {Gewichteter Fehlerwert: Weiß=1.45/Schwarz=1.37.  Verlustzug:     	Weiß=1     	Schwarz=2     Gewinn verpasst:   	Weiß=1     	---        Fehler:       	Weiß=6     	Schwarz=3     Ungenau:       	---       	Schwarz=1     OK:         	Weiß=1     	---        Bester:       	---       	Schwarz=1} 0-1

[Event "Vereinsjugendmeisterschaft 2024"]
[Site "Steinfurt"]
[Date "2024.06.02"]
[Round "6.1"]
[White "Kirakosyan, Narek"]
[Black "Hille, Julian"]
[Result "1-0"]
[WhiteElo "1743"]
[BlackElo "1293"]
[PlyCount "58"]
[Beauty "6597069766656"]
[GameId "2056834828413412"]
[EventDate "2024.??.??"]
[WhiteTeam "SC Steinfurt 1996 e. V."]
[BlackTeam "SC Steinfurt 1996 e. V."]

{[%evp 9,58,-33,-7,-8,-5,-55,0,-66,-62,-64,85,83,57,73,138,86,143,98,191,-7,-4,-12,34,38,255,253,227,82,337,175,300,169,164,23,488,480,596,592,579,566,651,645,630,637,620,524,673,662,560,540,516]} 1. c4 c5 2. g3 Nc6 3. Bg2 g6 4. e3 Bg7 5. Nf3 e5 6. Nc3 {[%cal Od2d4] A30: Englische Eröffnung (Symmetrische Variante).} Nge7 7. b3 $146 ({Vorgänger:} 7. d4 cxd4 8. exd4 exd4 9. Nb5 O-O 10. Nbxd4 d5 11. Nxc6 bxc6 12. cxd5 Nxd5 13. O-O Qb6 {0-1 Sernecki,F (2310)-Terzi,A (2272) Titled Tuesday intern op 08th Nov Early Chess.com INT blitz 2022 (8)}) 7... f5 8. Rb1 {[%eval -66,22] [%wdl 3,749,248]} ({Vorzuziehen ist} 8. O-O $1 $11 {[%eval 0,26] [%wdl 32,934,34]}) 8... e4 $15 9. Ng5 Qa5 {[%eval 85,23] [%wdl 387,612,1]} (9... Bxc3 $15 {[%eval -64,27] [%wdl 3,764,233] behält die Oberhand.} 10. dxc3 d6) 10. O-O $16 Bxc3 11. dxc3 Qxa2 {[%eval 138,24] [%wdl 821,179,0]} (11... h6 $142 {[%eval 73,27] [%wdl 285,713,2]} 12. Nh3 Ne5) 12. Bb2 Ne5 {[%eval 143,22] [%wdl 849,151,0]} ({Günstiger ist} 12... d6 {[%eval 86,25] [%wdl 388,611,1]}) 13. f3 h6 {[%eval 191,25] [%wdl 975,25,0]} (13... Qa6 $16 {[%eval 98,23] [%wdl 502,497,1] ist eine bessere Verteidigung.}) 14. Nh3 $2 {[%eval -7,25] [%wdl 15,957,28] [#]} (14. Qd6 $1 $18 {[%eval 191,25] [%wdl 975,25,0][%cal Rd6e5]} N7c6 15. fxe4 hxg5 16. exf5 gxf5 (16... Qxb3 $2 17. fxg6 Rg8 18. g7 $18) 17. Bxc6 {[%mdl 64] Ablenkung} Nxc6 18. Qg6+ (18. Qxc5 $2 Ne7 $19) 18... Kd8 19. Qf6+ (19. Qxg5+ $2 Kc7 $19) 19... Kc7 20. Qxh8) 14... exf3 $11 15. Bxf3 Nxf3+ 16. Rxf3 b6 $2 {[%eval 255,20] [%wdl 999,1,0]} (16... g5 $14 {[%eval 38,24] [%wdl 79,917,4]}) 17. Nf4 $18 Qa6 18. Nd5 {[%eval 82,20] [%wdl 333,667,0]} (18. Qd6 $18 {[%eval 227,23] [%wdl 996,4,0]} b5 19. Qe5 (19. Qxc5 bxc4 20. Ba3 d6 $16)) 18... Nxd5 $4 {[%eval 337,23] [%wdl 1000,0,0][%mdl 8192]} (18... Qb7 $16 {[%eval 82,20] [%wdl 333,667,0]}) 19. cxd5 {[%eval 175,26] [%wdl 965,35,0]} (19. Qxd5 $142 {[%eval 337,23] [%wdl 1000,0,0] Schwarz muss nun De5+ beachten.} Kd8 (19... Bb7 $2 20. Qe5+ Kf7 21. Rd1 $18) 20. Qxa8) 19... c4 {[%eval 300,26] [%wdl 1000,0,0]} (19... d6 {[%eval 175,26] [%wdl 965,35,0] war einen Versuch wert.}) 20. Qd4 {[%eval 169,25] [%wdl 957,43,0]} (20. Ra1 $142 {[%eval 300,26] [%wdl 1000,0,0]} Qb5 21. Ba3) 20... O-O {Schwarz hat schwache schwarze Felder} 21. bxc4 {[%eval 23,26] [%wdl 33,963,4]} ({Nicht} 21. Qxc4 Qxc4 22. bxc4 Ba6 $17) (21. Ra1 $18 {[%eval 164,24] [%wdl 951,49,0]} Qb5 22. Ba3 (22. bxc4 $2 {ist das falsche Schlagen.} Qxb2 23. Rff1 Qc2 $19) (22. Qxc4 Qxc4 23. bxc4 Re8 $11)) 21... Bb7 {[%eval 488,22] [%wdl 1000,0,0][%mdl 8192]} (21... Qa2 $11 {[%eval 23,26] [%wdl 33,963,4]} 22. Rff1 Bb7 (22... Ba6 23. Ra1 $14)) 22. Ra1 {Weiß steht klar auf Gewinn.} Rac8 23. Rxa6 Bxa6 {[%cal Bb7a6,Ba6c4,Bc4d5][%mdl 32]} 24. Qh4 h5 25. Qg5 Kg7 {[#]} 26. c5 $1 Bc4 27. Rf4 Rxc5 28. Ba3 Bxd5 29. Bxc5 bxc5 {Gewichteter Fehlerwert: Weiß=0.51/Schwarz=0.90.  Verlustzug:     	---       	Schwarz=3     Gewinn verpasst:   	Weiß=1     	---        Fehler:       	Weiß=5     	Schwarz=5     Ungenau:       	Weiß=3     	Schwarz=2     OK:         	Weiß=5     	Schwarz=4     Bester:       	Weiß=2     	Schwarz=3} 1-0

[Event "Vereinsjugendmeisterschaft 2024"]
[Site "Steinfurt"]
[Date "2024.06.02"]
[Round "6.2"]
[White "Remen, Béla"]
[Black "Homann, Darius"]
[Result "1/2-1/2"]
[WhiteElo "1105"]
[BlackElo "1275"]
[Annotator "Admin"]
[PlyCount "26"]
[Beauty "6597069766662"]
[GameId "2056834828528101"]
[EventDate "2024.??.??"]
[WhiteTeam "SC Steinfurt 1996 e. V."]
[BlackTeam "SC Steinfurt 1996 e. V."]

{[%evp 10,26,14,12,18,22,22,-6,-5,-8,-6,-7,-7,-9,0,0,0,0,0]} 1. d4 d5 2. c4 e6 3. Nc3 Nf6 4. Bg5 Be7 5. Nf3 h6 6. Bh4 {Die Stellung ist ausgeglichen.} c5 {D53: Damengambit (Hauptvariante, Abweichungen).} 7. dxc5 Qa5 8. Qa4+ Qxa4 9. Nxa4 dxc4 10. e3 Bd7 $146 ({Vorgänger:} 10... b6 11. cxb6 Bb7 12. Bxc4 Bb4+ 13. Ke2 Nbd7 14. Bxf6 Nxf6 15. Bb5+ Ke7 16. Rhc1 Rac8 17. Rxc8 Bxc8 18. Bc6 Ba6+ 19. Kd1 Rd8+ 20. Kc2 axb6 21. Rd1 {½-½ Le,T-Ho Vo Toan,A Nam Tieu hoc Dong Thap 2000 (9)}) 11. Nc3 g5 12. Bg3 Bxc5 13. Bxc4 Bb4 {(=). Ein ziemlich ruhiges Remis.   Gewichteter Fehlerwert: Weiß=0.05 (makellos) /Schwarz=0.02 (makellos) .  Ungenau:       	Weiß=1     	---        OK:         	Weiß=5     	Schwarz=4     Bester:       	---       	Schwarz=1} 1/2-1/2

[Event "Vereinsjugendmeisterschaft 2024"]
[Site "Steinfurt"]
[Date "2024.06.02"]
[Round "6.3"]
[White "Wiegand, Malte"]
[Black "Hengelman, Nick"]
[Result "0-1"]
[WhiteElo "958"]
[BlackElo "1011"]
[PlyCount "30"]
[Beauty "8248354413578"]
[GameId "2056834828536294"]
[EventDate "2024.??.??"]
[WhiteTeam "SC Steinfurt 1996 e. V."]
[BlackTeam "SC Steinfurt 1996 e. V."]

{[%evp 9,29,-16,-10,-10,-16,-73,-78,-133,49,47,36,-290,12,12,106,-79,-65,-333,-258,-29998,-29999,-29999]} 1. e4 e5 2. Nf3 Nc6 3. Bb5 Bc5 4. Bxc6 dxc6 5. O-O Bg4 6. h3 {C64: Spanische Partie (Cordel-Verteidigung).} Bh5 7. g4 {[%eval -73,25] [%wdl 3,697,300]} (7. a3 $11 {[%eval -16,28] [%wdl 19,925,56]}) 7... Bg6 $17 8. Nxe5 {[#] Schwarz steht besser.} Qd4 $146 {[%eval 49,27] [%wdl 153,842,5]} ({Schwächer ist} 8... Bxe4 9. Nc3 Bg6 10. d3 $11) ({Besser ist} 8... Qd6 $1 $17 {[%eval -133,24] [%wdl 0,230,770][%cal Rd6e5]} 9. c3 (9. d4 $2 Bxd4 10. c3 Bxe5 $19) 9... Bxf2+ (9... Qxe5 10. d4 $11) 10. Rxf2 Qxe5) ({Vorgänger:} 8... Qh4 9. Qf3 O-O-O 10. c3 f6 11. Nxg6 hxg6 12. d4 Bd6 13. Kg2 Nh6 14. Rh1 f5 15. gxf5 {1-0 Sakorenko,A (1863)-Sychev,V (1764) Voronezh op-B 19th 2015 (3)}) 9. Nxg6 $14 hxg6 10. Qe2 $2 {[%eval -290,26] [%wdl 0,1,999][%mdl 8192] Weiss hat schwache schwarze Felder} (10. Qf3 $1 $14 {[%eval 36,27] [%wdl 98,894,8]}) 10... O-O-O $2 {[%eval 12,25] [%wdl 40,943,17]} (10... Rxh3 $19 {[%eval -290,26] [%wdl 0,1,999] ( -> ...De5)} 11. Kg2 Rh4) 11. Kg2 $11 Nf6 {[%eval 106,27] [%wdl 579,421,0]} (11... Ne7 $11 {[%eval 12,28] [%wdl 41,942,17]}) 12. g5 $2 {[%eval -79,24] [%wdl 1,671,328]} (12. d3 $16 {[%eval 106,27] [%wdl 579,421,0] und es läuft.}) 12... Nxe4 $40 {[%mdl 128] Schwarz hat was vor. Schwarz hat aktiveres Spiel.} 13. d3 $2 {[%eval -333,23] [%wdl 0,0,1000][%mdl 8192]} ({Weiss kommt nicht vorbei an} 13. Qg4+ $15 {[%eval -65,26] [%wdl 2,776,222]} Kb8 14. d3) 13... Qd7 14. Qxe4 $2 {[%eval -32763,29] [%wdl 0,0,1000] [#]} (14. Qg4 $19 {[%eval -258,25] [%wdl 0,2,998]} Qxg4+ 15. hxg4 Nxf2 16. Nd2) 14... Qxh3+ 15. Kg1 Qh2# {Gewichteter Fehlerwert: Weiß=1.41/Schwarz=0.87.  Verlustzug:     	Weiß=2     	---        Gewinn verpasst:   	---       	Schwarz=1     Fehler:       	Weiß=3     	Schwarz=2     Ungenau:       	Weiß=1     	---        OK:         	Weiß=1     	Schwarz=1     Bester:       	Weiß=1     	Schwarz=2} 0-1

[Event "Vereinsjugendmeisterschaft 2024"]
[Site "Steinfurt"]
[Date "2024.06.02"]
[Round "6.4"]
[White "Schal, Michael"]
[Black "Sander, Sofie"]
[Result "1-0"]
[WhiteElo "1237"]
[BlackElo "795"]
[PlyCount "67"]
[Beauty "8108898254849"]
[GameId "2056834828548583"]
[EventDate "2024.??.??"]
[WhiteTeam "SC Steinfurt 1996 e. V."]
[BlackTeam "SC Steinfurt 1996 e. V."]

{[%evp 9,66,0,212,63,335,332,458,448,557,416,545,550,555,547,564,381,373,377,374,355,549,517,528,510,505,506,508,466,466,456,505,505,518,529,557,552,687,683,667,661,658,627,706,676,672,658,29990,29991,29991,29992,29995,29996,29996,29997,29997,29997,29997,29998,29999]} 1. e4 e5 2. Nf3 Nc6 3. Bc4 Nf6 4. Ng5 Qe7 5. Nxf7 Rg8 $2 {[%eval 212,22] [%wdl 981,19,0]} (5... d5 $1 $11 {[%eval 0,24] [%wdl 32,935,33] und Schwarz ist OK.} 6. Bxd5 (6. Nxh8 dxc4 7. d3 Be6 $15) 6... Nxd5 7. Nxh8 Nf4) 6. d3 {[%eval 63,25] [%wdl 232,764,4] C57: Zweispringerspiel (Fritz-Variante).} (6. Ng5 $18 {[%eval 212,22] [%wdl 981,19,0]}) 6... Nd8 $146 {[%eval 335,21] [%wdl 1000,0,0][%mdl 8192]} (6... Na5 $14 {[%eval 63,25] [%wdl 232,764,4]}) ({Vorgänger:} 6... a6 7. Bg5 b5 8. Bd5 Bb7 9. Nc3 h6 10. Bxf6 gxf6 11. Qh5 Rg7 12. Nd6+ Kd8 13. Nxb7+ Kc8 14. Na5 Nb4 15. Bxa8 Nxc2+ 16. Kd2 Nxa1 17. Rxa1 Kd8 18. Nd5 Qa3 19. Nb7+ Kc8 20. Qe8# {1-0 Souza,N (1586)-Neri,J Rio Granco ACRE 1st U2000 2019 (5.10)}) 7. Nxd8 $18 {[%csl Og8][%mdl 64] [#] Abzugsangriff} Rh8 8. Nf7 {[%cal Bd8f7,Bf7h6,Bh6g4][%mdl 32] Weiß steht klar auf Gewinn.} Rg8 9. Bg5 h6 10. Bxf6 Qxf6 11. Qh5 g6 12. Qe2 Rg7 13. Nxh6 Qg5 14. Ng4 d6 {[%eval 549,22] [%wdl 1000,0,0]} (14... d5 $142 {[%eval 355,26] [%wdl 1000,0,0]} 15. exd5 (15. Bxd5 Bxg4 16. Qd2 Qxd2+ 17. Nxd2 O-O-O $18) (15. Bb5+ c6 $18) 15... Qc1+ 16. Qd1 Qxd1+ {[%mdl 64] Verteidiger eliminieren} 17. Kxd1 Bxg4+ 18. f3 Bf5) 15. h3 c6 16. Nc3 b5 17. Bb3 a5 {[%cal Ba7a5,Ba5a4][%mdl 32]} 18. a3 a4 19. Ba2 Bxg4 20. Qxg4 Qxg4 21. hxg4 Rb7 22. Ke2 c5 23. Bd5 Raa7 24. Bxb7 Rxb7 25. Rh8 b4 {[%cal Bb5b4,Bb4b3][%mdl 32]} 26. Nd5 b3 27. c3 {[#] Beabsichtigt Tah1 und Matt.} Kd7 28. Rxf8 {Weiß setzt Matt.} Ke6 29. Rh1 Kd7 30. Rh7+ Kc6 31. Rc8+ Kb5 32. Rxb7+ Ka6 33. Rcb8 Ka5 34. Ra7# {Nach der Eröffnung ein Spiel auf ein Tor.   Gewichteter Fehlerwert: Weiß=0.63/Schwarz=1.06.  Verlustzug:     	---       	Schwarz=1     Fehler:       	---       	Schwarz=1     Ungenau:       	Weiß=1     	Schwarz=2     OK:         	Weiß=9     	Schwarz=4} 1-0

[Event "Vereinsjugendmeisterschaft 2024"]
[Site "Steinfurt"]
[Date "2024.06.02"]
[Round "6.5"]
[White "Vieth, Niklas"]
[Black "Rathmann, Jenny"]
[Result "1-0"]
[WhiteElo "1180"]
[BlackElo "792"]
[PlyCount "89"]
[Beauty "7353118230535"]
[GameId "2056834828556776"]
[EventDate "2024.??.??"]
[WhiteTeam "SC Steinfurt 1996 e. V."]
[BlackTeam "SC Steinfurt 1996 e. V."]

{[%evp 10,88,16,10,17,-4,15,0,56,56,75,27,25,24,23,7,33,26,27,-16,-15,-29,13,-33,-39,-50,39,25,81,25,144,107,100,89,223,217,220,190,331,334,308,248,350,343,429,396,500,495,526,528,517,518,29983,29985,29985,29986,29986,29987,29987,29988,29987,29988,29988,29988,29990,29991,29992,29993,29994,29995,29996,29997,29998,29998,29998,29998,29998,29998,29998,29999,29999]} 1. e4 e5 2. Nf3 Nc6 3. Bc4 Nf6 4. d3 Bb4+ 5. Nc3 Bxc3+ 6. bxc3 d6 {C28: Wiener Partie.} 7. Bg5 Bg4 8. h3 Bxf3 {[%eval 56,27] [%wdl 185,811,4]} ({Günstiger ist} 8... Be6 $11 {[%eval 0,26] [%wdl 32,935,33]}) 9. Qxf3 $14 h6 $146 ({Vorgänger:} 9... O-O 10. O-O d5 11. exd5 Na5 12. Bb3 Nxb3 13. axb3 c6 14. dxc6 bxc6 15. Ra4 Qd5 16. Bxf6 Qxf3 17. gxf3 gxf6 18. Rg4+ {1-0 Jules,M-Lee,C Ville d'Orsay online Blitz Europe Echecs INT 2021 (5)}) 10. Bxf6 Qxf6 11. Qxf6 gxf6 12. Bb5 O-O-O 13. Bxc6 bxc6 {[%mdl 4096] Endspiel. KTT-KTT} 14. d4 exd4 15. cxd4 c5 16. c3 cxd4 17. cxd4 c6 {[%eval 39,22] [%wdl 74,923,3]} (17... Rhe8 $15 {[%eval -50,28] [%wdl 2,880,118]} 18. f3 f5) 18. O-O d5 {[%eval 81,34] [%wdl 321,679,0]} (18... Rhe8 $11 {[%eval 25,30] [%wdl 42,953,5] bleibt in der Remisbreite.}) 19. exd5 {[%eval 25,28] [%wdl 40,955,5]} (19. Rfc1 $16 {[%eval 81,34] [%wdl 321,679,0]}) 19... cxd5 {[%eval 144,23] [%wdl 884,116,0]} (19... Rxd5 $11 {[%eval 25,28] [%wdl 40,955,5]} 20. Rfc1 Kc7) 20. Rac1+ Kd7 21. Rc5 Ke8 {[%eval 223,29] [%wdl 997,3,0] Danach kann Schwarz die Partie nicht mehr halten.} (21... Ke6 $16 {[%eval 89,26] [%wdl 391,609,0]}) 22. Re1+ Kf8 23. Rc7 {[%cal Oe1e7] Tee7! ist eine echte Drohung.} a6 {[%eval 331,25] [%wdl 1000,0,0]} (23... Kg7 {[%eval 190,26] [%wdl 986,14,0] war nötig.} 24. Ree7 (24. Rxa7 Ra8 $16) 24... a5 25. Rxf7+ Kg6 26. Rg7+ Kf5) 24. Ree7 $18 Rh7 25. Rcd7 Rxd7 {[%eval 350,25] [%wdl 1000,0,0]} (25... Rc8 $142 {[%eval 248,28] [%wdl 999,1,0]} 26. Re3 Rg7 27. Rxd5 Rc1+ 28. Kh2 Rg6 29. Rd8+ Kg7) 26. Rxd7 {KT-KT} a5 27. Rxd5 f5 28. Rxf5 h5 {[%cal Bh6h5,Bh5h4][%mdl 32]} 29. Rxa5 h4 30. g4 {[%cal Bg2g4,Bg4f5][%mdl 32]} f6 {[%eval 32734,32] [%wdl 1000,0,0]} (30... Rh6 $18 {[%eval 518,30] [%wdl 1000,0,0]} 31. Kg2 Ke7) 31. Ra8+ {Weiß setzt Matt.} Kf7 32. Ra7+ Kg6 33. Rxh7 Kxh7 {KB-KB} 34. a4 f5 35. gxf5 Kg7 36. a5 Kf7 37. a6 Ke7 38. a7 Kf7 39. a8=Q Kg7 40. Qb7+ Kh8 41. Qe7 Kg8 42. d5 Kh8 43. d6 Kg8 44. d7 {[%cal Rd7d8]} Kh8 45. d8=Q# {Gewichteter Fehlerwert: Weiß=0.17 (sehr präzise) /Schwarz=0.55.  Fehler:       	Weiß=1     	Schwarz=8     Ungenau:       	Weiß=3     	Schwarz=2     OK:         	Weiß=3     	Schwarz=3     Bester:       	Weiß=1     	Schwarz=2} 1-0

[Event "Vereinsjugendmeisterschaft 2024"]
[Site "Steinfurt"]
[Date "2024.06.02"]
[Round "6.6"]
[White "Anders, Linus"]
[Black "Schlees, David"]
[Result "0-1"]
[WhiteElo "751"]
[BlackElo "748"]
[PlyCount "96"]
[Beauty "7078508756999"]
[GameId "2056834828564969"]
[EventDate "2024.??.??"]
[WhiteTeam "SC Steinfurt 1996 e. V."]
[BlackTeam "SC Steinfurt 1996 e. V."]

{[%evp 9,95,-61,14,-58,71,-45,-34,-87,-36,-35,-35,-57,17,-25,127,-52,-52,-123,-123,-151,-69,-355,-345,-344,-336,-428,-430,-428,-205,-378,-325,-376,-378,-392,-376,-389,-348,-456,-451,-452,-445,-513,-503,-491,-453,-637,-642,-637,-635,-29948,-849,-772,-786,-29980,-29981,-29983,-29984,-29985,-29986,-29986,-29987,-29988,-29989,-29990,-29990,-29990,-29989,-29990,-29991,-29991,-29992,-29992,-29993,-29994,-29995,-29995,-29996,-29996,-29997,-29997,-29998,-29998,-29997,-29997,-29998,-29998,-29999,-29999]} 1. e4 c5 2. Nc3 e6 3. e5 Nc6 4. f4 d5 5. Bb5 g6 $146 {[%eval 14,25] [%wdl 53,927,20]} (5... Nge7 $15 {[%eval -61,27] [%wdl 4,774,222]}) ({Vorgänger:} 5... Nge7 6. Nf3 g6 7. O-O Nf5 8. Bxc6+ bxc6 9. d3 c4 10. dxc4 Ba6 11. g4 Nh4 12. Nxh4 Qxh4 {0-1 Bueno,A (2135)-Cheng,X (2288) Titled Tuesday intern op 19th Sep Late Chess.com INT blitz 2023 (11)}) 6. g3 {[%eval -58,25] [%wdl 5,794,201] B23: Sizilianisch (Geschlossenes System).} (6. Bxc6+ $11 {[%eval 14,25] [%wdl 53,927,20]} bxc6 7. Nf3) 6... Bg7 {[%eval 71,24] [%wdl 286,711,3] [#]} (6... Bd7 $15 {[%eval -58,25] [%wdl 5,794,201] bleibt weiter vorne.}) 7. Nf3 {[%eval -45,21] [%wdl 7,854,139]} (7. Bxc6+ $1 $16 {[%eval 71,24] [%wdl 286,711,3]} bxc6 8. Nf3) 7... Nge7 $15 8. d3 {Schwarz steht etwas besser.} a6 9. Bxc6+ Nxc6 10. O-O h6 {[%eval 17,25] [%wdl 48,938,14]} (10... O-O $15 {[%eval -57,25] [%wdl 4,810,186]}) 11. b3 d4 $2 {[%eval 127,25] [%wdl 750,250,0] [#]} ({Besser ist} 11... Qc7 $11 {[%eval -25,26] [%wdl 10,926,64]}) 12. Na4 $2 {[%eval -52,26] [%wdl 3,845,152]} ({Weiss kommt nicht vorbei an} 12. Ne4 $16 {[%eval 127,25] [%wdl 750,250,0]}) 12... b6 13. Ba3 {[%eval -123,21] [%wdl 0,279,721]} (13. Nd2 $15 {[%eval -52,31] [%wdl 3,850,147]}) 13... Bf8 $17 {Droht ...b5 und aus.} 14. c4 dxc3 {[%eval -69,25] [%wdl 1,761,238]} ({Günstiger ist} 14... b5 $17 {[%eval -151,23] [%wdl 0,112,888]} 15. Nxc5 b4 16. Bxb4 Qb6 (16... Nxb4 17. Ne4 $15)) 15. d4 $2 {[%eval -355,25] [%wdl 0,0,1000][%mdl 8192] Der Zug kostet die Partie für Weiß.} ({Vorzuziehen ist} 15. Nxc3 $15 {[%eval -69,25] [%wdl 1,761,238]} Bb7 16. Ne4) 15... cxd4 $19 (15... Nxd4 16. Nxd4 cxd4 17. Bxf8 Rxf8 18. Qf3 $19) 16. Bxf8 Rxf8 ({Jedoch nicht} 16... Kxf8 17. Qd3 $19) 17. Nxd4 Nxd4 ({Bloß nicht} 17... Qxd4+ 18. Qxd4 Nxd4 19. Nxb6 $19) 18. Nxc3 Nc6 {[%eval -205,25] [%wdl 0,10,990]} (18... Bb7 $142 {[%eval -428,23] [%wdl 0,0,1000]} 19. Kf2 f6) 19. Qxd8+ $2 {[%eval -378,22] [%wdl 0,0,1000]} (19. Qf3 {[%eval -205,25] [%wdl 0,10,990]} Bb7 20. Rfd1) 19... Nxd8 20. Rf2 Bb7 21. Rd1 Nc6 22. Rfd2 Nb4 23. Ne2 Nd5 24. g4 O-O-O 25. f5 gxf5 26. gxf5 Rg8+ 27. Kf1 {[%eval -637,20] [%wdl 0,0,1000]} (27. Kf2 $142 {[%eval -453,26] [%wdl 0,0,1000]}) 27... Ne3+ 28. Ke1 Nxd1 29. Rxd1 Rxd1+ 30. Kxd1 Bf3 31. fxe6 fxe6 {Schwarz setzt Matt.} 32. a4 Bxe2+ 33. Kxe2 {KT-KB} Rg2+ 34. Kf3 Rxh2 {KT-K3B} 35. Ke4 Rg2 36. b4 Kd7 37. Kd4 Kc6 38. Kc4 h5 39. b5+ axb5+ 40. axb5+ {KT-KBB} Kb7 41. Kb4 h4 42. Ka4 h3 43. Kb4 h2 44. Kc4 h1=Q 45. Kb4 Rg4+ 46. Kb3 Qh3+ 47. Kb2 Rg2+ 48. Kb1 Qh1# {Gewichteter Fehlerwert: Weiß=0.89/Schwarz=0.42.  Verlustzug:     	Weiß=1     	---        Fehler:       	Weiß=5     	Schwarz=5     Ungenau:       	Weiß=3     	Schwarz=1     OK:         	Weiß=5     	Schwarz=6     Bester:       	---       	Schwarz=1} 0-1